[Event "X Anibal Open"]
[Site "Linares ESP"]
[Date "2003.03.08"]
[Round "9"]
[White "Ivanov,J"]
[Black "Blehm,P"]
[Result "1-0"]
[WhiteElo "2446"]
[BlackElo "2526"]
[EventDate "2003.02.28"]

1. d4 Nf6 2. c4 g6 3. Nc3 Bg7 4. e4 O-O 5. Bd3 Nc6 6. Nge2 e5 7. d5 Nd4 8.
O-O c5 9. Nxd4 exd4 10. Ne2 d6 11. Bg5 h6 12. Bf4 Ng4 13. Qd2 Ne5 14. Rae1
Nxd3 15. Qxd3 g5 16. Bd2 f5 17. Ng3 f4 18. Nf5 Be5 19. Nxh6+ Kg7 20. Nf5+
Kf6 21. g4 Rh8 22. f3 Rh3 23. Re2 Qh8 24. b4 b6 25. Rb1 Qh7 26. Be1 Bd7 27.
a3 Rh8 28. Rbb2 b5 29. cxb5 c4 30. Qxc4 Rxf3 31. Nxd4 Rc8 32. Nc6 Qh3 33.
Rf2 Re3 34. Rbe2 Rd3 35. Rd2 Rxd2 36. Bxd2 Qxg4+ 37. Rg2 Qd1+ 38. Qf1 Qxf1+
39. Kxf1 Bh3 40. Kf2 Bxg2 41. Kxg2 g4 42. Be1 Rc7 43. Bh4+ Kg6 44. Bf2 Rh7
45. Nxe5+ dxe5 46. a4 Kg5 47. a5 f3+ 48. Kg1 Kf4 49. d6 Rd7 50. Bc5 Kxe4
51. a6 Kd5 52. Bxa7 Rxd6 53. Bb8 g3 54. hxg3 Rh6 55. Kf2 e4 56. g4 Rh1 57.
b6 Ra1 58. b7 Ra2+ 59. Kg3 f2 60. Kg2 e3 61. Bg3 e2 62. Kxf2 1-0

[Event "X Anibal Open"]
[Site "Linares ESP"]
[Date "2003.03.08"]
[Round "9"]
[White "Alonso,S"]
[Black "Hoffman,A"]
[Result "1-0"]
[WhiteElo "2443"]
[BlackElo "2506"]
[EventDate "2003.02.28"]

1. e4 c5 2. Nf3 Nf6 3. e5 Nd5 4. Nc3 Nxc3 5. dxc3 Nc6 6. Bf4 Qc7 7. Qd2 e6
8. O-O-O h6 9. h4 b6 10. Bd3 Bb7 11. Be4 O-O-O 12. Bh2 Be7 13. h5 Na5 14.
Rhe1 Bxe4 15. Rxe4 Nb7 16. Rf4 Rhf8 17. Rg4 Rg8 18. Qd3 d5 19. Qh7 c4 20.
Bf4 Rh8 21. Qxg7 Rdf8 22. Nd4 Qd7 23. Rg3 Nc5 24. Qg4 Ne4 25. Rf3 Rfg8 26.
Qh3 Bg5 27. Kb1 Rh7 28. g3 Rhg7 29. Qf1 a6 30. Qe2 b5 31. Qe3 Qc7 32. a3
Kb7 33. Ne2 Rb8 34. Qd4 Rh8 35. Be3 Bxe3 36. Qxe3 Qxe5 37. Rf4 Qc7 38. Rxe4
dxe4 39. Qxe4+ Kb8 40. Nd4 Rc8 41. Nc6+ Qxc6 42. Qe5+ Rc7 43. Qxg7 Qf3 44.
Rd8+ Kb7 45. Qxh6 Qxf2 46. Qg7 f5 47. Rd7 Qe1+ 48. Ka2 Rxd7 49. Qxd7+ Kb6
50. Qd6+ Kb7 51. h6 1-0

[Event "X Anibal Open"]
[Site "Linares ESP"]
[Date "2003.03.08"]
[Round "9"]
[White "Campora,D"]
[Black "Labib,I"]
[Result "1/2-1/2"]
[WhiteElo "2505"]
[BlackElo "2439"]
[EventDate "2003.02.28"]

1. e4 c6 2. d4 d5 3. exd5 cxd5 4. Bd3 Nc6 5. c3 Qc7 6. h3 Nf6 7. Nf3 e6 8.
O-O Bd6 9. Re1 O-O 10. Nbd2 Re8 11. a3 Bd7 12. c4 e5 13. c5 e4 14. cxd6
Qxd6 15. Bf1 exf3 16. Nxf3 Ne4 17. Be3 Qg6 18. Kh2 Qh5 19. Ne5 Qxd1 20.
Raxd1 Nxe5 21. dxe5 Rxe5 22. f4 Re6 23. Rxd5 Nf6 24. Rdd1 Ba4 25. Rd4 Bc6
26. Bc4 Ree8 27. g4 Re7 28. g5 Nd7 29. Bf2 Rxe1 30. Bxe1 Re8 31. Bf2 Kf8
32. b4 a6 33. Kg3 f6 34. h4 Re4 35. Bd3 Rxd4 36. Bxd4 fxg5 37. fxg5 g6 38.
Kf2 Ke7 1/2-1/2

[Event "X Anibal Open"]
[Site "Linares ESP"]
[Date "2003.03.08"]
[Round "9"]
[White "Adly,A"]
[Black "Cabrera,A"]
[Result "1-0"]
[WhiteElo "2315"]
[BlackElo "2478"]
[EventDate "2003.02.28"]

1. d4 e6 2. Nf3 f5 3. e3 Nf6 4. b3 c6 5. Bb2 d5 6. Be2 Bd6 7. O-O O-O 8.
Nbd2 b6 9. Ne5 Bb7 10. f4 Nbd7 11. h3 Rc8 12. g4 c5 13. g5 Ne4 14. Nxe4
fxe4 15. Bg4 Qe7 16. c4 Bxe5 17. dxe5 Rcd8 18. cxd5 Bxd5 19. h4 Nb8 20. Qe2
Nc6 21. Bc3 Qd7 22. Rad1 Ne7 23. Rd2 Qc6 24. Rfd1 b5 25. b4 Bc4 26. Qxc4
bxc4 27. Rxd8 Nf5 28. Bxf5 exf5 29. e6 Qxe6 30. R8d6 Qc8 31. Rd7 Re8 32.
Rxg7+ Kf8 33. Rdd7 Rd8 34. Rdf7+ Ke8 35. Re7+ Kf8 36. Rgf7+ Kg8 37. Rxh7
Kf8 38. g6 Rd1+ 39. Kf2 Rd2+ 40. Kg3 1-0

[Event "X Anibal Open"]
[Site "Linares ESP"]
[Date "2003.03.08"]
[Round "9"]
[White "Galochkin,S"]
[Black "Amin,B"]
[Result "0-1"]
[WhiteElo "2028"]
[BlackElo "2281"]
[EventDate "2003.02.28"]

1. Nf3 e6 2. d4 f5 3. g3 Nf6 4. Bg2 Be7 5. O-O O-O 6. c4 d6 7. Nc3 Qe8 8.
b3 Nbd7 9. Bb2 c6 10. d5 e5 11. dxc6 bxc6 12. Ba3 e4 13. Nd4 Ne5 14. Nc2
Qd8 15. Qd2 Be6 16. Rad1 Nf7 17. Nd4 Bd7 18. Bh3 g6 19. f4 h5 20. e3 c5 21.
Nde2 Bc6 22. Bb2 Qb6 23. Rfe1 Rfb8 24. Ba1 a5 25. Rb1 a4 26. bxa4 Qa6 27.
Bf1 Bxa4 28. Nd5 Nxd5 29. Qxd5 Bd7 30. Qd2 Qa3 31. Nc3 Bc6 32. Rxb8+ Rxb8
33. Nd5 Bd8 34. Nf6+ Kf8 35. Nh7+ Ke8 36. Nf6+ Ke7 37. Ng8+ Kf8 38. Nf6 Ba5
39. Qc1 Qxc1 40. Rxc1 Bd2 41. Rd1 Bxe3+ 42. Kg2 Ra8 43. Rb1 Rxa2+ 44. Kh3
Bd4 45. Rb8+ Kg7 0-1

[Event "X Anibal Open"]
[Site "Linares ESP"]
[Date "2003.03.09"]
[Round "10"]
[White "Potkin,V"]
[Black "Riazantsev,A"]
[Result "1/2-1/2"]
[WhiteElo "2516"]
[BlackElo "2538"]
[EventDate "2003.02.28"]

1. e4 e6 2. d4 d5 3. Nd2 c5 4. exd5 exd5 5. Ngf3 Nf6 6. Bb5+ Bd7 7. Bxd7+
Nbxd7 8. O-O Be7 9. dxc5 Nxc5 10. Nb3 Nce4 1/2-1/2

[Event "X Anibal Open"]
[Site "Linares ESP"]
[Date "2003.03.09"]
[Round "10"]
[White "Fernandez Romero,Ern"]
[Black "Rizouk,A"]
[Result "1/2-1/2"]
[WhiteElo "2396"]
[BlackElo "2519"]
[EventDate "2003.02.28"]

1. e4 d6 2. d4 Nf6 3. Nc3 e5 4. dxe5 dxe5 5. Qxd8+ Kxd8 6. Bg5 Be6 7.
O-O-O+ Nbd7 8. f4 exf4 9. Nf3 h6 10. Bxf4 Ng4 11. Rd2 Bb4 12. Nd4 c6
1/2-1/2